000 00287nam a2200121Ia 4500
005 20251222175918.0
008 251222s9999||||xx |||||||||||||| ||spa||
020 _a8423413861
082 _a338.52/C91
100 _aCros, Victor
245 0 _aCómo Fijar el Precio Óptimo:
942 _cLIB
999 _c40571
_d40571